| 000 | 00345 a2200157 4500 | ||
|---|---|---|---|
| 001 | 181522 | ||
| 020 | _a | ||
| 040 | _cMagnum | ||
| 100 | _aCesar, Camilla Cerqueira | ||
| 240 | 1 | 0 |
_aTonzeca, o calhambeque _lpor |
| 245 | 1 | 0 | _aTonzeca, o calhambeque |
| 362 | 0 | _a1899 | |
| 440 | 1 | _aMelhoramentos | |
| 697 | _aMAGNITO: IJ/GERAL | ||
| 942 | _cBK | ||
| 999 |
_c181522 _d181522 |
||